Official and regional languages of Nigeria - Statistics

General Stats
  • This quiz has been taken 140 times
  • The average score is 7 of 18
Answer Stats
Hint Answer % Correct
Germanic English
95%
Niger-Congo? Igbo
92%
Niger-Congo Yoruba
89%
Afro-Asiatic Hausa
86%
Romance French
61%
Afro-Asiatic Arabic
46%
Niger-Congo Fulani
44%
Niger-Congo Edo
30%
Nilo-Saharan kanuri
30%
Niger-congo Ijaw
27%
Niger-Congo Tiv
25%
Volta-Niger Nupe
18%
Niger-Congo Gbagyi
15%
Volta-Niger Idoma
13%
Niger-Congo Isoko
12%
Niger-Congo Urhobo
12%
Niger-Congo? Ukwuani
10%
Niger-Congo? Efik-Ibibio
3%
No matching quizzes found
Score Distribution
Percent of People with Each Score
Percentile by Number Answered
Your Score History
You have not taken this quiz